UM Logo

Citizen Khan: (Record no. 14157)

MARC details
000 -LEADER
fixed length control field 00492nam a2200133 4500
008 - FIXED-LENGTH DATA ELEMENTS--GENERAL INFORMATION
fixed length control field 190903b ||||| |||| 00| 0 eng d
050 ## - LIBRARY OF CONGRESS CALL NUMBER
Classification number DPer 050 T48 Apr-June 2016 v. 187 n. 12-24
100 ## - MAIN ENTRY--PERSONAL NAME
9 (RLIN) 39281
Personal name Leftly, Mark.
245 ## - TITLE STATEMENT
Title Citizen Khan:
Remainder of title London's first Muslim mayor aims to be an "antidote" to Islamic extremism/
Statement of responsibility, etc. Mark Leftly.
260 ## - PUBLICATION, DISTRIBUTION, ETC. (IMPRINT)
Place of publication, distribution, etc. Hong Kong:
Name of publisher, distributor, etc. Time Asia,
Date of publication, distribution, etc. c2016.
300 ## - PHYSICAL DESCRIPTION
Extent V187 n19, pages 18-21:
Other physical details illustrations;
Dimensions 27 cm.
650 ## - SUBJECT ADDED ENTRY--TOPICAL TERM
Topical term or geographic name as entry element Politics.
9 (RLIN) 39694
942 ## - ADDED ENTRY ELEMENTS (KOHA)
Source of classification or shelving scheme Dewey Decimal Classification
Koha item type Periodicals
Holdings
Withdrawn status Lost status Source of classification or shelving scheme Damaged status Not for loan Collection code Home library Current library Date acquired Total Checkouts Full call number Date last seen Price effective from Koha item type Public note
    Dewey Decimal Classification     Periodicals UM Digos College - LIC UM Digos College - LIC 09/03/2019   DPer 050 T48 Apr-June 2016 v. 187 n. 12-24 09/03/2019 09/03/2019 Periodicals Periodical article